Statistics for The Last Word

Click here to take the quiz!

General Stats

  • This quiz has been taken 31 times
    (20 since last reset)
  • The average score is 17 of 22

Answer Stats

SayingLast Word% Correct
Curiosity killed the...Cat
100%
Don’t judge a book by its...Cover
100%
Don't put all your eggs in one...Basket
94%
Luck of the...Irish / Draw
94%
It's better to be safe than...Sorry
94%
Two is company, three is a...Crowd
88%
Seek and ye shall...Find
88%
The best things in life are...Free
88%
Age before...Beauty
82%
Out of sight, out of...Mind
82%
Barking up the wrong...Tree
82%
Many hands make light...Work
82%
With age comes...Wisdom
76%
Don't add Insult to...Injury
71%
You need money to make...Money
71%
Fools rush in where angels fear to...Tread
71%
Look before you...Leap
65%
The world is your...Oyster
65%
Haste makes...Waste
65%
A stitch in time saves...Nine
59%
The squeaking wheel gets the...Grease
53%
The meek shall inherit the...Earth
47%

Score Distribution

Percentile by Number Answered

Percent of People with Each Score

Your Score History

You have not taken this quiz since the last reset